ბათუმის შოთა რუსთაველის სახელმწიფო უნივერსიტეტის ბიბლიოთეკა

ახალი დიდი წიგნიდან (ბიბ.ჩანაწერი № 50119)

000 -LEADER
fixed length control field 00916nam a2200229Ia 4500
001 - CONTROL NUMBER
control field 17057
003 - CONTROL NUMBER IDENTIFIER
control field GE_BSU
008 - FIXED-LENGTH DATA ELEMENTS--GENERAL INFORMATION
fixed length control field 181216s||||||||xx |||||||||||||| ||und||
040 ## - CATALOGING SOURCE
Transcribing agency GE_BSU
080 ## - UNIVERSAL DECIMAL CLASSIFICATION NUMBER
Universal Decimal Classification number 821.353.1(092ამირეჯიბი, ჭ.)
100 ## - MAIN ENTRY--PERSONAL NAME
Personal name ამირეჯიბი, ჭ. (ჭაბუა, 1921-2013)
245 ## - TITLE STATEMENT
Title ახალი დიდი წიგნიდან
245 ## - TITLE STATEMENT
Remainder of title 7 ეპიზოდი რომანიდან "გორა მბორგალი
245 ## - TITLE STATEMENT
Statement of responsibility, etc. შემდგ. და რედ.-გამომც. მურმან ლებანიძე ; მხატვ. გოგი წერეთელი
260 ## - PUBLICATION, DISTRIBUTION, ETC.
Place of publication, distribution, etc. თბილისი
260 ## - PUBLICATION, DISTRIBUTION, ETC.
Name of publisher, distributor, etc. ჩანგი
260 ## - PUBLICATION, DISTRIBUTION, ETC.
Date of publication, distribution, etc. 1995
300 ## - PHYSICAL DESCRIPTION
Extent 280 გვ. ; 15 სმ.
653 ## - INDEX TERM--UNCONTROLLED
Uncontrolled term ახალი დიდი წიგნიდან
653 ## - INDEX TERM--UNCONTROLLED
Uncontrolled term რომანი
942 ## - ADDED ENTRY ELEMENTS (KOHA)
Koha item type წიგნი
ეგზემპლარები
Withdrawn status Lost status Damaged status Not for loan Date acquired Barcode Date last seen Price effective from Koha item type
        2018-12-17 21617 2018-12-17 2018-12-17 წიგნი
        2018-12-17 21618 2018-12-17 2018-12-17 წიგნი